The optimum quantity of money and other essays

Guardado en:
Detalles Bibliográficos
Autor principal: Friedman, Milton
Formato: Libro
Lenguaje:Undetermined
Publicado: New York MacMillan 1969
Materias:
Etiquetas: Agregar Etiqueta
Sin Etiquetas, Sea el primero en etiquetar este registro!
Thư viện lưu trữ: Trung tâm Học liệu Trường Đại học Cần Thơ
LEADER 00502nam a2200181Ia 4500
001 CTU_79182
008 210402s9999 xx 000 0 und d
082 |a 332.4 
082 |b F911 
100 |a Friedman, Milton 
245 4 |a The optimum quantity of money and other essays 
245 0 |c Milton Friedman 
260 |a New York 
260 |b MacMillan 
260 |c 1969 
650 |a Monetary policy,Money supply 
650 |z United States 
980 |a Trung tâm Học liệu Trường Đại học Cần Thơ